Culture générale par lettre - F. - Statistiques

Statistiques générales
  • Ce quiz a été pris 4 974 fois
  • Le résultat moyen est 10 sur 15
Statistiques - réponses
Questions Réponses % Correct
Sport pratiqué par des champions comme Lewis Hamilton ou Fernando Alonso. Formule 1
90%
Nom donné au bidonville brésilien. Favela
85%
Joueur de tennis Suisse, vainqueur de 20 tournois du grand chelem en simple. Roger Federer
85%
Plat de la cuisine tex-mex qui se compose d'une tortilla, dans laquelle on met différents ingrédients tels que des oignons, des tomates, etc. Fajitas
84%
Série de films d'action américains, dont les thèmes tournent principalement autour des voitures et de la famille. Fast and furious
82%
Chanteuse française interprète de "Libertine" et "Maman a tort". Mylène Farmer
74%
Célèbre jeux vidéo de Battleroyale, dont la mascotte est un lama. Fortnite.
72%
Présentateur TV d'émission comme "Qui veut gagner des millions" ou "Miss France". Jean-Pierre Foucault
72%
Roi Français couronné en 1515. Francois 1er
71%
Pays du Pacifique sud, dont la capitale est Suva. Fidji
69%
Chanteur du tube "Despacito" en 2017. Luis Fonsi
63%
Art de dresser les faucons et autres rapaces pour la chasse. Fauconnerie
58%
Elément chimique de symbole F. Fluor
46%
Humoriste français, adepte de l'humour noir, dont le dernier spectacle est "Anesthésie Générale". Jérémy Ferrari
27%
Capitale des Tuvalu. Funafuti
17%
Aucun quiz correspondant
Distribution des résultats
% des personnes avec chaque résultat
Percentile par nombre de réponses
Votre historique - résultats
Vous n’avez pas pris ce quiz